| 000 | 00534nam a22001697a 4500 | ||
|---|---|---|---|
| 999 |
_c9297 _d9297 |
||
| 008 | 210401b ||||| |||| 00| 0 eng d | ||
| 040 | _aBMS College of Architecture | ||
| 100 | _aShariff, Attaullah, Mohammed | ||
| 245 | _aCollege of Engineering Sarjapur road Bangalore | ||
| 300 | _aNA | ||
| 500 | _a1BM99AT014 | ||
| 502 |
_8B.Arch _NBMS College of Architecture, Visvesvaraya Technological University _aProject report _d2003 |
||
| 650 | _aSarjapur | ||
| 700 |
_aRajan _eGuide |
||
| 700 |
_aChandrashekar _eGuide |
||
| 942 |
_2ddc _cTHE |
||